[Event "Lazy Baltic Pearl op-C 21st"]
[Site "Lazy"]
[Date "2025.07.01"]
[Round "2"]
[White "Jozwik, Jacek"]
[Black "Betkowski, Andrzej"]
[Result "1/2-1/2"]
[WhiteElo "1829"]
[BlackElo "2006"]
[PlyCount "43"]
[EventDate "2025.06.30"]
[EventType "swiss"]
[EventRounds "9"]
[EventCountry "POL"]
[SourceTitle "CB28_2025"]
[SourceDate "2025.07.09"]
[SourceVersion "1"]
[SourceVersionDate "2025.07.09"]
[SourceQuality "1"]

1. d4 g6 2. Nf3 Bg7 3. e4 c6 4. Be2 d5 5. Nc3 dxe4 6. Nxe4 Nd7 7. 0-0 Ngf6 8. Nxf6+ Nxf6 9. Ne5 Be6 10. c4 Nd7 11. Nf3 Nb6 12. b3 Bg4 13. Be3 0-0 14. h3 Bxf3 15. Bxf3 e5 16. dxe5 Bxe5 17. Rc1 Qf6 18. Rc2 Rad8 19. Rd2 Bc7 20. Qa1 Qxa1 21. g3 Qe5 22. Kg2 1/2-1/2

[Event "EU-ch Rapid"]
[Site "Katowice"]
[Date "2021.12.18"]
[Round "4"]
[White "Jozwik, Jacek"]
[Black "Walter, Szymon"]
[Result "0-1"]
[WhiteElo "1863"]
[BlackElo "2286"]
[PlyCount "65"]
[EventDate "2021.12.18"]
[EventType "swiss (rapid)"]
[EventRounds "11"]
[EventCountry "POL"]
[SourceTitle "CBM 205 Extra"]
[Source "ChessBase"]
[SourceDate "2022.01.31"]
[SourceVersion "1"]
[SourceVersionDate "2022.01.31"]
[SourceQuality "1"]

1. d4 Nf6 2. c4 e6 3. Nf3 Bb4+ 4. Bd2 Qe7 5. g3 Nc6 6. Bg2 Bxd2+ 7. Nbxd2 d6 8. 0-0 0-0 9. a3 a5 10. Qc2 Bd7 11. e3 e5 12. Ne4 exd4 13. Nxf6+ Qxf6 14. exd4 Nxd4 15. Nxd4 Qxd4 16. Rad1 Qf6 17. c5 Bg4 18. Rd2 dxc5 19. Bxb7 Rab8 20. Bg2 a4 21. Qxa4 Be6 22. Qc2 c4 23. Re1 Rb3 24. Re4 Rfb8 25. Red4 c5 26. Rd6 g6 27. Qxc4 Bxc4 28. Rxf6 Rxb2 29. Rxb2 Rxb2 30. Be4 Re2 31. f3 Be6 32. Rf4 Bc4 33. Rf6 0-1

[Event "Mazowiec-chT op 1819"]
[Site "Warsaw"]
[Date "2019.01.13"]
[Round "5.14"]
[White "Jozwik, Jacek"]
[Black "Grodecki, Filip"]
[Result "1-0"]
[WhiteElo "1946"]
[BlackElo "1475"]
[PlyCount "93"]
[EventDate "2018.12.02"]
[EventType "team-swiss"]
[EventRounds "10"]
[EventCountry "POL"]
[SourceTitle "EXT 2020"]
[Source "ChessBase"]
[SourceDate "2019.10.17"]
[SourceVersion "1"]
[SourceVersionDate "2019.10.17"]
[SourceQuality "1"]

1. d4 d5 2. c4 c6 3. Nf3 Nf6 4. e3 a6 5. Bd3 dxc4 6. Bxc4 b5 7. Bd3 e6 8. 0-0 Bb7 9. Qe2 Be7 10. Nbd2 Nbd7 11. a4 0-0 12. e4 Re8 13. e5 Nd5 14. Ne4 h6 15. Ng3 b4 16. Qe4 Nf8 17. Qg4 f5 18. Qh5 Nh7 19. Ne2 Ng5 20. Nxg5 Bxg5 21. f4 Be7 22. g4 Bc8 23. gxf5 exf5 24. Bxf5 Bxf5 25. Qxf5 c5 26. Qe4 cxd4 27. Bd2 Bc5 28. Rac1 Rc8 29. Kh1 Nf6 30. Qf3 Qd5 31. exf6 Qxf3+ 32. Rxf3 Rxe2 33. Bxb4 Bxb4 34. Rxc8+ Kf7 35. fxg7 Kxg7 36. b3 Rb2 37. Rc7+ Kf6 38. f5 Ke5 39. f6 Ke4 40. Rf1 Ke3 41. Re7+ Kd2 42. Rb7 Rxb3 43. f7 Kc3 44. Rxb4 Rxb4 45. f8Q d3 46. Qc5+ Kb3 47. Rb1+ 1-0

[Event "Mazowiec-chT op 1819"]
[Site "Warsaw"]
[Date "2019.01.13"]
[Round "6.6"]
[White "Wolski, Michal"]
[Black "Jozwik, Jacek"]
[Result "0-1"]
[WhiteElo "1373"]
[BlackElo "1946"]
[PlyCount "80"]
[EventDate "2018.12.02"]
[EventType "team-swiss"]
[EventRounds "10"]
[EventCountry "POL"]
[SourceTitle "EXT 2020"]
[Source "ChessBase"]
[SourceDate "2019.10.17"]
[SourceVersion "1"]
[SourceVersionDate "2019.10.17"]
[SourceQuality "1"]

1. e4 c5 2. Nf3 g6 3. d4 cxd4 4. Nxd4 Nc6 5. Nc3 Bg7 6. Be3 Nf6 7. f3 0-0 8. Qd2 d5 9. Nxc6 bxc6 10. exd5 cxd5 11. 0-0-0 Qa5 12. Bd4 Rb8 13. a3 Be6 14. g4 Rfd8 15. h4 Rd7 16. Na2 Qxd2+ 17. Rxd2 h5 18. g5 Ne8 19. Bxg7 Nxg7 20. Nb4 Rb6 21. Nd3 Bf5 22. Nf4 e6 23. Bd3 Rdb7 24. b4 a5 25. c3 d4 26. Bxf5 Nxf5 27. cxd4 axb4 28. axb4 Rxb4 29. Rhh2 Nxd4 30. Rb2 Rxb2 31. Rxb2 Rxb2 32. Kxb2 Nxf3 33. Ng2 f6 34. gxf6 Kf7 35. Kc3 Kxf6 36. Kd3 Kf5 37. Ke3 Nh2 38. Kf2 Ng4+ 39. Kf3 e5 40. Kg3 Ke4 0-1

[Event "Pardubice Czech op-C 28th"]
[Site "Pardubice"]
[Date "2017.07.28"]
[Round "8"]
[White "Jares, Michal"]
[Black "Jozwik, Jacek"]
[Result "1-0"]
[WhiteElo "1736"]
[BlackElo "1951"]
[PlyCount "71"]
[EventDate "2017.07.22"]
[EventType "swiss"]
[EventRounds "9"]
[EventCountry "CZE"]
[SourceTitle "CBM 179 Extra"]
[Source "ChessBase"]
[SourceDate "2017.08.23"]
[SourceVersion "1"]
[SourceVersionDate "2017.08.23"]
[SourceQuality "1"]

1. c4 e5 2. Nc3 Nc6 3. d3 Bb4 4. e4 d6 5. Nf3 Bg4 6. Be2 Bxf3 7. Bxf3 h6 8. 0-0 Nf6 9. g3 0-0 10. Bg2 Bc5 11. Be3 Nd4 12. Bxd4 Bxd4 13. Ne2 Bxb2 14. Rb1 Ba3 15. Rxb7 Bc5 16. Rb1 Rb8 17. h3 Rxb1 18. Qxb1 Qb8 19. Qc2 Qa8 20. d4 Bb6 21. Rd1 Qc6 22. Kh2 Nd7 23. f4 f6 24. h4 Re8 25. Bh3 exd4 26. Bxd7 Qxd7 27. Nxd4 Qg4 28. Kg2 g5 29. hxg5 hxg5 30. Nf5 Qh5 31. Rh1 Qg6 32. c5 Re6 33. Qc4 Kf7 34. Nh6+ Ke7 35. Qxe6+ Kxe6 36. f5+ 1-0

[Event "Mazowiec-chT 1516"]
[Site "Poland"]
[Date "2016.01.24"]
[Round "5.8"]
[White "Jozwik, Jacek"]
[Black "Sentowski, Sebastian"]
[Result "1/2-1/2"]
[WhiteElo "1984"]
[BlackElo "1682"]
[PlyCount "74"]
[EventDate "2015.12.13"]
[EventType "team-tourn"]
[EventRounds "7"]
[EventCountry "POL"]
[SourceTitle "EXT 2019"]
[Source "ChessBase"]
[SourceDate "2018.10.10"]
[SourceVersion "1"]
[SourceVersionDate "2018.10.10"]
[SourceQuality "1"]
[WhiteTeam "Minsk Mazowiecki MTSz"]
[BlackTeam "Zielonka Zieloni II"]
[WhiteTeamCountry "POL"]
[BlackTeamCountry "POL"]

1. Nf3 Nf6 2. c4 g6 3. Nc3 Bg7 4. d4 0-0 5. Bf4 d6 6. e3 Nc6 7. Be2 Nd7 8. h3 e5 9. Bh2 f5 10. 0-0 a6 11. a3 b6 12. b4 e4 13. Nd2 Bb7 14. Rc1 Ne7 15. c5 d5 16. cxb6 cxb6 17. Na4 Rc8 18. Qb3 b5 19. Nc5 Nxc5 20. bxc5 Nc6 21. a4 b4 22. a5 Rf7 23. Ra1 Qg5 24. Ra2 Qe7 25. Rb1 Qe6 26. Qd1 Re8 27. Nb3 Bh6 28. Qd2 f4 29. Bg4 Qf6 30. exf4 Bxf4 31. Bxf4 Qxf4 32. Qxf4 Rxf4 33. Bd7 Re7 34. Bxc6 Bxc6 35. Re2 Bb5 36. Re3 Bd3 37. Rb2 Rb7 1/2-1/2

[Event "POL-chT 2nd League"]
[Site "Jastrzebia Gora"]
[Date "2015.09.11"]
[Round "7.88"]
[White "Jozwik, Jacek"]
[Black "Olesiak, Marcin"]
[Result "0-1"]
[WhiteElo "2012"]
[BlackElo "1971"]
[PlyCount "134"]
[EventDate "2015.09.05"]
[EventType "team-swiss"]
[EventRounds "9"]
[EventCountry "POL"]
[SourceTitle "EXT 2017"]
[Source "ChessBase"]
[SourceDate "2016.10.25"]
[SourceVersion "1"]
[SourceVersionDate "2016.10.25"]
[SourceQuality "1"]
[WhiteTeam "Minsk Mazowiecki MTSz"]
[BlackTeam "Nowy Sacz Sandecja"]
[WhiteTeamCountry "POL"]
[BlackTeamCountry "POL"]

1. d4 d5 2. c4 e6 3. Nf3 Nf6 4. g3 Bb4+ 5. Bd2 Be7 6. Bg2 0-0 7. 0-0 dxc4 8. Qc2 b5 9. a4 c6 10. axb5 Bb7 11. Qxc4 cxb5 12. Qxb5 Bc6 13. Qa5 Qc8 14. Bb4 Bd8 15. Qa3 Re8 16. Rc1 Qb7 17. Nbd2 a5 18. Bc5 Na6 19. Nc4 Bc7 20. Bd6 Bd8 21. Nxa5 Bxa5 22. Qxa5 Bd5 23. Ba3 Ne4 24. Ne1 Nac5 25. Qb4 Nb3 26. Qxb7 Bxb7 27. Rc7 Nxa1 28. Rxb7 Nd2 29. Nd3 Nc2 30. Rc7 Rac8 31. Rxc8 Rxc8 32. Bc5 Nb3 33. e3 e5 34. Bh3 Nxc5 35. dxc5 Rc7 36. Nxe5 Rxc5 37. Nd3 Rb5 38. Bf1 Rb3 39. Kg2 Nb4 40. Ne5 Kf8 41. Nxf7 Rxb2 42. Ng5 h6 43. Ne4 Nc2 44. Kf3 Ne1+ 45. Kg4 Rb4 46. Kf5 Kf7 47. h4 g6+ 48. Ke5 Nf3+ 49. Kd5 Rxe4 50. Kxe4 Nd2+ 51. Ke5 Nxf1 52. g4 Nh2 53. Kf4 Ke6 54. e4 Nf1 55. f3 Nd2 56. Ke3 Nc4+ 57. Kf4 Kf6 58. g5+ hxg5+ 59. hxg5+ Ke6 60. Kg4 Ke5 61. Kg3 Ne3 62. Kf2 Kf4 63. Ke2 Nc4 64. Kd3 Ne5+ 65. Kd4 Nxf3+ 66. Kd5 Nxg5 67. e5 Kf5 0-1

[Event "EU-ch rapid"]
[Site "Wroclaw"]
[Date "2014.12.20"]
[Round "1"]
[White "Bortnyk, Olexandr"]
[Black "Jozwik, Jacek"]
[Result "1-0"]
[WhiteElo "2533"]
[BlackElo "2012"]
[PlyCount "57"]
[EventDate "2014.12.20"]
[EventType "swiss (rapid)"]
[EventRounds "11"]
[EventCountry "POL"]
[SourceTitle "CBM 164 Extra"]
[Source "ChessBase"]
[SourceDate "2015.03.02"]
[SourceVersion "1"]
[SourceVersionDate "2015.03.02"]
[SourceQuality "1"]

1. e4 c6 2. Nc3 d5 3. Nf3 Bg4 4. h3 Bxf3 5. Qxf3 e6 6. Qg3 dxe4 7. Nxe4 Nh6 8. Qb3 Qb6 9. Bc4 Qxb3 10. axb3 Nf5 11. c3 Nd7 12. b4 Nd6 13. Nxd6+ Bxd6 14. 0-0 0-0 15. d4 Nb6 16. Bb3 Nd5 17. g3 a6 18. Re1 Rae8 19. Kg2 h6 20. f4 Kh7 21. Bd2 g6 22. Re2 h5 23. c4 Nf6 24. Rae1 Kg7 25. Kf3 Rd8 26. Bc3 Bc7 27. g4 hxg4+ 28. hxg4 Rh8 29. g5 1-0

[Event "POL-chT2"]
[Site "Poronin"]
[Date "2013.09.09"]
[Round "3.94"]
[White "Jozwik, Jacek"]
[Black "Duszczak, Dariusz"]
[Result "1-0"]
[WhiteElo "2005"]
[BlackElo "1941"]
[PlyCount "87"]
[EventDate "2013.09.06"]
[EventType "team-swiss"]
[EventRounds "9"]
[EventCountry "POL"]
[SourceTitle "EXT 2015"]
[Source "ChessBase"]
[SourceDate "2014.11.20"]
[SourceVersion "1"]
[SourceVersionDate "2014.11.20"]
[SourceQuality "1"]
[WhiteTeam "Minsk Mazowiecki MTSz"]
[BlackTeam "Kornik MUKS Wieza Kornicka"]
[WhiteTeamCountry "POL"]
[BlackTeamCountry "POL"]

1. d4 d5 2. c4 e6 3. Nf3 c6 4. Qc2 f5 5. Bg5 Be7 6. Bxe7 Qxe7 7. Ne5 Nf6 8. Nd2 0-0 9. e3 Ne4 10. Bd3 Nd7 11. Ndf3 Qb4+ 12. Ke2 c5 13. a3 Qb6 14. b4 dxc4 15. Nxc4 Qd8 16. bxc5 Ndf6 17. Rab1 Qc7 18. Nfe5 Bd7 19. f3 Ng5 20. Rb2 Rab8 21. Rhb1 Kh8 22. Nxd7 Nxd7 23. f4 Nf7 24. Kf1 Nf6 25. Be2 Nd5 26. Qd2 g5 27. g3 Rg8 28. Rb3 g4 29. Kf2 Rgc8 30. Qa5 Qxa5 31. Nxa5 b6 32. Nc4 Kg7 33. cxb6 axb6 34. Nxb6 Nxb6 35. Rxb6 Rxb6 36. Rxb6 Ra8 37. Ra6 Rxa6 38. Bxa6 Nd6 39. Bd3 Kf6 40. Ke2 Ke7 41. Kd2 Kd7 42. Kc3 Kc6 43. a4 Ne8 44. Bb5+ 1-0

[Event "POL-chT2"]
[Site "Poronin"]
[Date "2013.09.08"]
[Round "2.94"]
[White "Czachor, Radoslaw"]
[Black "Jozwik, Jacek"]
[Result "1-0"]
[WhiteElo "1989"]
[BlackElo "2005"]
[PlyCount "45"]
[EventDate "2013.09.06"]
[EventType "team-swiss"]
[EventRounds "9"]
[EventCountry "POL"]
[SourceTitle "EXT 2015"]
[Source "ChessBase"]
[SourceDate "2014.11.20"]
[SourceVersion "1"]
[SourceVersionDate "2014.11.20"]
[SourceQuality "1"]
[WhiteTeam "Wroclaw AZS Politechnika"]
[BlackTeam "Minsk Mazowiecki MTSz"]
[WhiteTeamCountry "POL"]
[BlackTeamCountry "POL"]

1. e4 c5 2. Nf3 Nc6 3. d4 cxd4 4. Nxd4 d6 5. Nc3 g6 6. Be3 Nf6 7. f3 Bd7 8. Qd2 a6 9. Bc4 Rc8 10. Bb3 Ne5 11. a4 Qa5 12. 0-0 Nc4 13. Bxc4 Rxc4 14. Rfd1 Bg7 15. Ra3 Be6 16. Nxe6 fxe6 17. Rb3 Rb4 18. Nb5 Rxa4 19. Nxd6+ Kf8 20. Rxb7 Qd8 21. b3 Ra2 22. Qb4 exd6 23. Rxd6 1-0

[Event "POL-chT2"]
[Site "Poronin"]
[Date "2013.09.07"]
[Round "1.88"]
[White "Jozwik, Jacek"]
[Black "Grossmann, Ryszard"]
[Result "0-1"]
[WhiteElo "2005"]
[BlackElo "2171"]
[PlyCount "78"]
[EventDate "2013.09.06"]
[EventType "team-swiss"]
[EventRounds "9"]
[EventCountry "POL"]
[SourceTitle "EXT 2015"]
[Source "ChessBase"]
[SourceDate "2014.11.20"]
[SourceVersion "1"]
[SourceVersionDate "2014.11.20"]
[SourceQuality "1"]
[WhiteTeam "Minsk Mazowiecki MTSz"]
[BlackTeam "Pegow Wieza"]
[WhiteTeamCountry "POL"]
[BlackTeamCountry "POL"]

1. d4 c5 2. Nf3 cxd4 3. Nxd4 d5 4. g3 e5 5. Nf3 Nc6 6. Bg2 Bc5 7. e4 d4 8. 0-0 Nge7 9. c3 a6 10. cxd4 exd4 11. a3 Bg4 12. b4 Ba7 13. h3 Be6 14. Nbd2 h6 15. Bb2 Qd7 16. Kh2 0-0 17. Rc1 Rad8 18. Nc4 Ng6 19. Qc2 Rfe8 20. Nfd2 b5 21. Nb6 Bxb6 22. Qxc6 Qa7 23. f4 Ne7 24. Qc2 f6 25. Qd3 Bf7 26. Rfe1 Qd7 27. h4 Be6 28. e5 fxe5 29. Rxe5 Nf5 30. Be4 Ne3 31. f5 Ng4+ 32. Kg2 Nxe5 33. fxe6 Qxe6 34. Qb1 Nc4 35. Bh7+ Kh8 36. Nxc4 bxc4 37. Rf1 d3 38. Bf5 Qe2+ 39. Rf2 Qxf2+ 0-1

[Event "Mazowiec-chT 1213"]
[Site "Poland"]
[Date "2013.02.24"]
[Round "10.18"]
[White "Jozwik, Jacek"]
[Black "Jasinowicz, Waclaw"]
[Result "1-0"]
[WhiteElo "2001"]
[BlackElo "1477"]
[PlyCount "73"]
[EventDate "2013.01.13"]
[EventType "team-tourn"]
[EventRounds "10"]
[EventCountry "POL"]
[SourceTitle "EXT 2019"]
[Source "ChessBase"]
[SourceDate "2018.10.10"]
[SourceVersion "1"]
[SourceVersionDate "2018.10.10"]
[SourceQuality "1"]

1. d4 d5 2. c4 e6 3. Nf3 Nc6 4. g3 Nf6 5. Bg2 Be7 6. 0-0 0-0 7. b3 Na5 8. Ne5 dxc4 9. bxc4 c5 10. e3 Nd7 11. Na3 cxd4 12. exd4 Nxe5 13. dxe5 Qc7 14. Qe2 Rd8 15. Rb1 Bd7 16. Be4 Bc6 17. Nb5 Qd7 18. Bc2 a6 19. Rd1 Qc8 20. Nd6 Bxd6 21. exd6 b5 22. c5 Bd5 23. Bg5 Re8 24. Qh5 f5 25. Be3 Qc6 26. Rxd5 Qxd5 27. Rd1 Qc6 28. g4 Qf3 29. Rd4 e5 30. Bxf5 exd4 31. Qxh7+ Kf7 32. Qh5+ Kf8 33. Qh8+ Kf7 34. Qh5+ Kf8 35. Bg6 Qd5 36. Qxd5 Rxe3 37. Qf7# 1-0

[Event "Mazowiec-chT 1213"]
[Site "Poland"]
[Date "2013.01.27"]
[Round "6.12"]
[White "Sawicki, Wojciech"]
[Black "Jozwik, Jacek"]
[Result "1-0"]
[WhiteElo "1784"]
[BlackElo "2001"]
[PlyCount "100"]
[EventDate "2013.01.13"]
[EventType "team-tourn"]
[EventRounds "10"]
[EventCountry "POL"]
[SourceTitle "EXT 2019"]
[Source "ChessBase"]
[SourceDate "2018.10.10"]
[SourceVersion "1"]
[SourceVersionDate "2018.10.10"]
[SourceQuality "1"]

1. e4 c6 2. d4 d5 3. Nc3 dxe4 4. Nxe4 Bf5 5. Ng3 Bg6 6. h4 h6 7. Nf3 Nd7 8. h5 Bh7 9. Bd3 Bxd3 10. Qxd3 e6 11. Bf4 Qa5+ 12. Bd2 Bb4 13. c3 Be7 14. Ne4 Ngf6 15. Nxf6+ Nxf6 16. Ne5 Rd8 17. Qg3 Kf8 18. Qf3 Qd5 19. Qxd5 Nxd5 20. 0-0-0 Bg5 21. Bxg5 hxg5 22. Rd3 Nf4 23. Rf3 f6 24. Rxf4 gxf4 25. Ng6+ Kf7 26. Nxh8+ Rxh8 27. Kd2 f5 28. Ke2 Kf6 29. Kf3 g5 30. g4 fxg3 31. fxg3 g4+ 32. Kf4 b6 33. b4 Rd8 34. h6 c5 35. bxc5 bxc5 36. h7 cxd4 37. cxd4 Kg7 38. h8Q+ Rxh8 39. Rxh8 Kxh8 40. d5 exd5 41. Kxf5 Kg7 42. Kxg4 Kg6 43. Kf4 Kh5 44. g4+ Kg6 45. Ke5 Kg5 46. Kxd5 Kxg4 47. Kc6 Kf5 48. Kb7 Ke6 49. Kxa7 Kd5 50. Kb6 Kc4 1-0

[Event "Mazowiec-chT 1213"]
[Site "Poland"]
[Date "2013.01.20"]
[Round "4.8"]
[White "Jozwik, Jacek"]
[Black "Herman, Monika"]
[Result "1-0"]
[WhiteElo "2001"]
[BlackElo "1722"]
[PlyCount "105"]
[EventDate "2013.01.13"]
[EventType "team-tourn"]
[EventRounds "10"]
[EventCountry "POL"]
[SourceTitle "EXT 2019"]
[Source "ChessBase"]
[SourceDate "2018.10.10"]
[SourceVersion "1"]
[SourceVersionDate "2018.10.10"]
[SourceQuality "1"]

1. d4 Nf6 2. c4 e6 3. Nf3 Bb4+ 4. Bd2 Qe7 5. g3 0-0 6. Bg2 Nc6 7. 0-0 Bxd2 8. Qxd2 d5 9. Ne5 Rd8 10. Nxc6 bxc6 11. c5 e5 12. Nc3 e4 13. Rac1 Re8 14. Nd1 Ng4 15. f3 exf3 16. exf3 Nf6 17. Nc3 Qe3+ 18. Qxe3 Rxe3 19. Rfe1 Rd3 20. Red1 Rxd1+ 21. Nxd1 Rb8 22. Kf2 a5 23. Rc3 a4 24. Bf1 Bf5 25. Bd3 Be6 26. Ra3 g5 27. Rxa4 g4 28. f4 Ne4+ 29. Bxe4 dxe4 30. Ke3 f5 31. Ra7 Rc8 32. Kd2 Kf8 33. Ne3 Ke8 34. b4 Kd7 35. a4 Rb8 36. Kc3 h6 37. d5 cxd5 38. b5 Kd8 39. Kd4 h5 40. Ke5 Bf7 41. Nxf5 Bg6 42. Ne3 Bf7 43. Ra6 Kd7 44. Ra7 Kd8 45. c6 Bg8 46. Kd4 Be6 47. Ke5 Bf7 48. f5 Bg8 49. f6 Bf7 50. Kd4 Be6 51. Kc5 Bf7 52. a5 Be6 53. b6 1-0

[Event "Mazowiec-chT 1213"]
[Site "Poland"]
[Date "2013.01.20"]
[Round "3.13"]
[White "Szwaj, Jacek"]
[Black "Jozwik, Jacek"]
[Result "0-1"]
[WhiteElo "1915"]
[BlackElo "2001"]
[PlyCount "104"]
[EventDate "2013.01.13"]
[EventType "team-tourn"]
[EventRounds "10"]
[EventCountry "POL"]
[SourceTitle "EXT 2019"]
[Source "ChessBase"]
[SourceDate "2018.10.10"]
[SourceVersion "1"]
[SourceVersionDate "2018.10.10"]
[SourceQuality "1"]

1. e4 c6 2. d4 d5 3. e5 Bf5 4. Nf3 e6 5. Be2 Nd7 6. 0-0 c5 7. c4 Ne7 8. Nc3 dxc4 9. Bxc4 Nc6 10. Bb5 Nxd4 11. Nxd4 cxd4 12. Qxd4 a6 13. Ba4 b5 14. Nxb5 axb5 15. Bxb5 Bc2 16. Bg5 Be7 17. Bxe7 Kxe7 18. Qd6+ Ke8 19. Rac1 Ba4 20. Bxa4 Rxa4 21. Rc7 Rd4 22. Qxd4 Qxc7 23. Rd1 Nxe5 24. b4 Ke7 25. f4 Nd7 26. Qxg7 Rd8 27. Qg5+ Nf6 28. Rxd8 Qxd8 29. b5 Qd4+ 30. Kf1 Qa1+ 31. Ke2 Qxa2+ 32. Ke3 Qb3+ 33. Ke2 Qc4+ 34. Ke3 Qe4+ 35. Kf2 Qd4+ 36. Ke2 Kd6 37. g4 Qc4+ 38. Ke1 Qc3+ 39. Ke2 Qc2+ 40. Ke1 Qe4+ 41. Kf2 Qc2+ 42. Ke1 Qc3+ 43. Ke2 Nd5 44. Qd8+ Kc5 45. Qf8+ Kxb5 46. Qxf7 Qe3+ 47. Kd1 Kc4 48. Qxh7 Nc3+ 49. Kc2 Qe2+ 50. Kc1 Qd1+ 51. Kb2 Na4+ 52. Ka2 Qb3+ 0-1

[Event "Mazowiec-chT 1112"]
[Site "Poland"]
[Date "2012.02.26"]
[Round "9.4"]
[White "Jozwik, Jacek"]
[Black "Chomczyk, Marek"]
[Result "1/2-1/2"]
[WhiteElo "2007"]
[BlackElo "1808"]
[PlyCount "75"]
[EventDate "2012.01.08"]
[EventType "team-tourn"]
[EventRounds "10"]
[EventCountry "POL"]
[SourceTitle "EXT 2019"]
[Source "ChessBase"]
[SourceDate "2018.10.10"]
[SourceVersion "1"]
[SourceVersionDate "2018.10.10"]
[SourceQuality "1"]

1. d4 d5 2. c4 e6 3. Nf3 Nf6 4. g3 Be7 5. Bg2 0-0 6. 0-0 Nbd7 7. Qc2 Ne4 8. Bf4 c6 9. Nbd2 f5 10. Ne5 g5 11. Nxd7 Bxd7 12. Be5 Nxd2 13. Qxd2 Be8 14. Rac1 Bf6 15. Bxf6 Qxf6 16. f4 h6 17. fxg5 hxg5 18. e4 dxe4 19. Bxe4 Qh6 20. Bg2 Kg7 21. d5 Rh8 22. dxe6 Qxh2+ 23. Kf2 f4 24. Qc3+ Kg8 25. Rh1 Qxg3+ 26. Qxg3 fxg3+ 27. Kxg3 Rxh1 28. Rxh1 Rd8 29. Be4 Rd4 30. Bh7+ Kg7 31. Bb1 Kf6 32. Rh7 b6 33. Rxa7 Kxe6 34. Rb7 b5 35. cxb5 cxb5 36. Bc2 Kd6 37. Rg7 Rd2 38. Bb3 1/2-1/2

[Event "Mazowiec-chT 1112"]
[Site "Poland"]
[Date "2012.02.05"]
[Round "6.10"]
[White "Jozwik, Jacek"]
[Black "Sliwinski, Marcin"]
[Result "0-1"]
[WhiteElo "2007"]
[BlackElo "2123"]
[PlyCount "72"]
[EventDate "2012.01.08"]
[EventType "team-tourn"]
[EventRounds "10"]
[EventCountry "POL"]
[SourceTitle "EXT 2019"]
[Source "ChessBase"]
[SourceDate "2018.10.10"]
[SourceVersion "1"]
[SourceVersionDate "2018.10.10"]
[SourceQuality "1"]

1. d4 f5 2. Nf3 Nf6 3. Bg5 e6 4. Nbd2 d5 5. e3 Bd6 6. Ne5 0-0 7. f4 Nbd7 8. Bd3 Qe8 9. Nxd7 Bxd7 10. Bxf6 Rxf6 11. Qf3 Qe7 12. h3 c5 13. c3 Rh6 14. 0-0-0 b5 15. g4 b4 16. g5 Rg6 17. Bxf5 bxc3 18. bxc3 cxd4 19. exd4 Rf8 20. Bxg6 hxg6 21. Kb2 Ba4 22. Nb3 a5 23. Rhf1 Bb5 24. Rf2 a4 25. Nc5 Bxc5 26. dxc5 Qxc5 27. Ka1 Bc4 28. Rb2 a3 29. Rbd2 Bb5 30. Rd4 Be2 31. Qg3 Bxd1 32. Rxd1 Rc8 33. Rd3 d4 34. Qe1 dxc3 35. Qc1 Qb6 36. Qb1 Qb2+ 0-1

[Event "Mazowiec-chT 1112"]
[Site "Poland"]
[Date "2012.01.29"]
[Round "3.15"]
[White "Jozwik, Jacek"]
[Black "Kacprzak, Karol"]
[Result "1-0"]
[WhiteElo "2007"]
[BlackElo "1764"]
[PlyCount "83"]
[EventDate "2012.01.08"]
[EventType "team-tourn"]
[EventRounds "10"]
[EventCountry "POL"]
[SourceTitle "EXT 2019"]
[Source "ChessBase"]
[SourceDate "2018.10.10"]
[SourceVersion "1"]
[SourceVersionDate "2018.10.10"]
[SourceQuality "1"]

1. d4 d5 2. Nf3 Nf6 3. c4 e6 4. g3 Bb4+ 5. Bd2 Bxd2+ 6. Nbxd2 0-0 7. Bg2 Nbd7 8. 0-0 c5 9. Rc1 Qe7 10. dxc5 Nxc5 11. Ne5 Rd8 12. Qc2 Ncd7 13. Nd3 Nc5 14. Nf4 Na6 15. a3 Rb8 16. b4 dxc4 17. Nxc4 b6 18. Ne5 Bd7 19. Qd3 b5 20. Qe3 Be8 21. Rc6 Bxc6 22. Nxc6 Qd7 23. Nxd8 Rxd8 24. Rc1 Nb8 25. Nd3 Ng4 26. Qc5 f5 27. Bf3 Na6 28. Qc6 Nb8 29. Qc7 Qd4 30. h3 e5 31. hxg4 e4 32. Nc5 Na6 33. Nxa6 exf3 34. exf3 fxg4 35. fxg4 Rf8 36. Qc5 Qxg4 37. Nc7 h5 38. Qd5+ Kh8 39. Ne6 Rf6 40. Nf4 Rxf4 41. Rc5 g6 42. Qe5+ 1-0

[Event "Mazowiec-chT 1112"]
[Site "Poland"]
[Date "2012.01.29"]
[Round "4.4"]
[White "Pajak, Jakub Lech"]
[Black "Jozwik, Jacek"]
[Result "0-1"]
[WhiteElo "1693"]
[BlackElo "2007"]
[PlyCount "120"]
[EventDate "2012.01.08"]
[EventType "team-tourn"]
[EventRounds "10"]
[EventCountry "POL"]
[SourceTitle "EXT 2019"]
[Source "ChessBase"]
[SourceDate "2018.10.10"]
[SourceVersion "1"]
[SourceVersionDate "2018.10.10"]
[SourceQuality "1"]

1. c4 Nf6 2. g3 g6 3. Bg2 Bg7 4. Nf3 d6 5. Nc3 c6 6. Rb1 0-0 7. b4 Re8 8. 0-0 e5 9. d3 Qc7 10. b5 Nbd7 11. Ba3 Bf8 12. Nd2 Nb6 13. Bb4 a5 14. bxa6 Rxa6 15. Nce4 Nbd7 16. Qb3 Nxe4 17. Nxe4 Kg7 18. a4 f5 19. Nc3 Nf6 20. Rfc1 Qf7 21. e3 g5 22. Rf1 Qh5 23. Qd1 Qh6 24. Bf3 g4 25. Bg2 f4 26. exf4 exf4 27. Ne4 f3 28. Nxf6 Qxf6 29. Bh1 d5 30. Bd2 dxc4 31. dxc4 Bc5 32. Rc1 Bd4 33. Qb3 c5 34. Rfe1 Rxe1+ 35. Rxe1 Re6 36. Rf1 Re2 37. Bf4 Qc6 38. h3 h5 39. h4 Bf5 40. Qa3 Bc2 41. a5 Qa4 42. Qc1 Qxc4 43. Bh6+ Kh7 44. Bf8 Qf7 45. Qh6+ Kg8 46. Bd6 Re6 47. Qg5+ Qg6 48. Qd8+ Re8 49. Qc7 Qf7 50. Qb6 Bd3 51. Rd1 Be2 52. Rc1 Ba6 53. Rd1 Qa2 54. Rxd4 cxd4 55. Bb4 Qe6 56. Qxd4 Qe5 57. Qb6 Qe6 58. Qd4 Qe5 59. Qb6 Kf7 60. Qh6 Qf5 0-1

[Event "Mazowiec-chT 1112"]
[Site "Poland"]
[Date "2012.01.08"]
[Round "1.26"]
[White "Skwarek, Hubert"]
[Black "Jozwik, Jacek"]
[Result "0-1"]
[WhiteElo "1631"]
[BlackElo "2007"]
[PlyCount "74"]
[EventDate "2012.01.08"]
[EventType "team-tourn"]
[EventRounds "10"]
[EventCountry "POL"]
[SourceTitle "EXT 2019"]
[Source "ChessBase"]
[SourceDate "2018.10.10"]
[SourceVersion "1"]
[SourceVersionDate "2018.10.10"]
[SourceQuality "1"]

1. d4 Nf6 2. Nf3 g6 3. g3 Bg7 4. Bg2 d6 5. 0-0 0-0 6. c4 c6 7. Nc3 Qa5 8. e4 Bg4 9. h3 Bxf3 10. Bxf3 Nbd7 11. Be3 Qb4 12. Qb3 a5 13. Rad1 Nb6 14. Be2 d5 15. exd5 cxd5 16. c5 Qxb3 17. axb3 Nbd7 18. Bb5 e6 19. Bf4 Rfc8 20. Ra1 b6 21. c6 Nb8 22. Na4 Nxc6 23. Nxb6 Nxd4 24. Ba4 Ne2+ 25. Kh2 Nxf4 26. Nxc8 Rxc8 27. gxf4 Nh5 28. Rac1 Ra8 29. Rc2 Nxf4 30. Rfc1 Bf8 31. Rc8 Rxc8 32. Rxc8 Kg7 33. Kg3 Nd3 34. Rc2 Bd6+ 35. Kh4 h5 36. Rc6 Bf4 37. Rc8 Ne1 0-1